Welcome to the Holygrace Academy Library

Please use search bar below to get started

DINOSAURS (Record no. 2763)

MARC details
000 -LEADER
fixed length control field 00391nam a22001577a 4500
020 ## - INTERNATIONAL STANDARD BOOK NUMBER
ISBN 978-93-5107-630-2
082 ## - DEWEY DECIMAL CLASSIFICATION NUMBER
Classification number 823
Item number MAC/D
100 ## - MAIN ENTRY--AUTHOR NAME
Personal name MACCARONE, NORMAN
245 ## - TITLE STATEMENT
Title DINOSAURS
Remainder of title FAVOURITE STORY
246 ## - VARYING FORM OF TITLE
Title proper/short title DINOSAURS
Remainder of title FAVOURITE STORY
260 ## - PUBLICATION, DISTRIBUTION, ETC. (IMPRINT)
Place of publication DELHI
Name of publisher SCHOLASTIC INDIA PVT LTD
Year of publication 2015
300 ## - PHYSICAL DESCRIPTION
Number of Pages 140
520 ## - SUMMARY, ETC.
Summary, etc DINOSAURS STORY
650 ## - SUBJECT ADDED ENTRY--TOPICAL TERM
Topical Term DINOSAURS STORY
942 ## - ADDED ENTRY ELEMENTS (KOHA)
Koha item type Books
Holdings
Withdrawn status Lost status Collection code Home library Current library Shelving location Date acquired Source of acquisition Full call number Accession Number Koha item type
    Fiction Main Library Main Library SHELF 4-E RCHIE & ILLUSTRATED CLASSICS 03/10/2015 Purchase 823 MAC/D 09429 Books